Les Vies parallèles de Jack Kerouac /

Saved in:
நூற்பட்டியல் விவரங்கள்
தலைமை எழுத்தாளர்: Gifford, Barry, 1946-
குழும எழுத்தாளர்: Julio Mario Santo Domingo Collection.
வடிவம்: புத்தகம்
மொழி:French
English
வெளியீடப்பட்டது: Paris : H. Veyrier, [1979]
தொகுதி:Off
பகுதிகள்:
குறியீடுகள்: குறிச்சொல் இணை
குறியீடுகள் இல்லை, இந்த குறிச்சொல்லை முதலில் பதிவு செய்யுங்கள்!
LEADER 01165nam a2200337Ki 4500
001 014311368-2
005 20150306185334.0
008 961018s1979 fr a b 000 0bfre d
020 |a 285199199X 
035 0 |a ocn904508280 
041 1 |a fre  |h eng 
100 1 |a Gifford, Barry,  |d 1946- 
245 1 4 |a Les Vies parallèles de Jack Kerouac /  |c Barry Gifford et Lawrence Lee ; traduit de l'américain par Brice Matthieussent. 
264 1 |a Paris :  |b H. Veyrier,  |c [1979] 
264 4 |c ©1979. 
300 |a 320 pages :  |b illustrations ;  |c 23 cm 
336 |a text  |b txt  |2 rdacontent 
337 |a unmediated  |b n  |2 rdamedia 
338 |a volume  |b nc  |2 rdacarrier 
490 0 |a Off 
500 |a Translation of : "Jack's book : an Oral biography of Jack Kerouac." 
504 |a Includes bibliographical references (p. 321-322). 
600 1 0 |a Kerouac, Jack,  |d 1922-1969. 
650 0 |a Authors, American  |y 20th century  |v Biography. 
650 0 |a Bohemianism  |z United States  |x Biography. 
600 1 0 |a Kerouac, Jack,  |d 1922-1969  |x Biography. 
710 2 |a Julio Mario Santo Domingo Collection.  |5 wid 
899 |a GIFT_415_SANTOD 
988 |a 20150227 
049 |a HLSS 
906 |0 MH